书目信息 |
| 题名: |
现代体育馆建筑设计
|
|
| 作者: | 梅季魁 著 | |
| 分册: | ||
| 出版信息: | 哈尔滨 黑龙江科学技术出版社 1999.04 |
|
| 页数: | 212页 | |
| 开本: | 12开 | |
| 丛书名: | ||
| 单 册: | ||
| 中图分类: | TU245 | |
| 科图分类: | ||
| 主题词: | 民用建筑--建筑设计 | |
| 电子资源: | ||
| ISBN: | 7-5388-3392-7 | |
| 000 | 00568nam0 2200193 45 | |
| 001 | 0007261597 | |
| 005 | 20010413085510.1 | |
| 010 | @a7-5388-3392-7@d98.00元 | |
| 100 | @a20000726d1999 km y0chiy0120 ea | |
| 101 | 0 | @achi |
| 105 | @a z 000yy | |
| 200 | 1 | @a现代体育馆建筑设计@AXian Dai Ti Yu Guan Jian Zhu She Ji@f梅季魁著@FMei Ji Kui Zhu |
| 210 | @a哈尔滨@c黑龙江科学技术出版社@d1999.04 | |
| 215 | @a212页@d12开 | |
| 606 | 0 | @a民用建筑@x建筑设计 |
| 690 | @aTU245@v3 | |
| 701 | 0 | @a梅季魁@4著 |
| 801 | @aCN@bPftUser@c20000726 | |
| 905 | @dTU245@eM399@b338131-133@f3 | |
| 现代体育馆建筑设计/梅季魁著.-哈尔滨:黑龙江科学技术出版社,1999.04 |
| 212页;12开 |
| ISBN 7-5388-3392-7:98.00元 |
| ● |
| 相关链接 |
|
|
|
正题名:现代体育馆建筑设计
索取号:TU245/M399
 
预约/预借
| 序号 | 登录号 | 条形码 | 馆藏地/架位号 | 状态 | 备注 |
| 1 | 338131 | 203381312 | 建筑库101/101建筑库 104排2列4层/ [索取号:TU245/M399] | 在馆 | |
| 2 | 338132 | 203381321 | 自科二线404/404自科库 20排2列2层/ [索取号:TU245/M399] | 在馆 | |
| 3 | 338133 | 203381330 | 自科二线404/404自科库 20排2列2层/ [索取号:TU245/M399] | 在馆 |